Welcome to the Holygrace Academy Library

Please use search bar below to get started

WARNER, GERTRUDE CHANDLER (Record no. 6496)

MARC details
000 -LEADER
fixed length control field 00351nam a22001457a 4500
020 ## - INTERNATIONAL STANDARD BOOK NUMBER
ISBN 0-590-46936-3
082 ## - DEWEY DECIMAL CLASSIFICATION NUMBER
Classification number 823
Item number WAR/B
100 ## - MAIN ENTRY--AUTHOR NAME
Personal name WARNER, GERTRUDE CHANDLER
245 ## - TITLE STATEMENT
Title WARNER, GERTRUDE CHANDLER
260 ## - PUBLICATION, DISTRIBUTION, ETC. (IMPRINT)
Place of publication NEW YORK
Name of publisher SCHOLASTIC INC.
Year of publication 1993
300 ## - PHYSICAL DESCRIPTION
Number of Pages 121
520 ## - SUMMARY, ETC.
Summary, etc WARNER, GERTRUDE CHANDLER
650 ## - SUBJECT ADDED ENTRY--TOPICAL TERM
Topical Term SHORT STORY
942 ## - ADDED ENTRY ELEMENTS (KOHA)
Koha item type Books
Holdings
Withdrawn status Lost status Collection code Home library Current library Shelving location Date acquired Source of acquisition Full call number Accession Number Koha item type
    Fiction Main Library Main Library SHELF 15-K-CHILDREN'S STORYBOOKS 25/09/2012 purchase 823 WAR/B 05677 Books
    Fiction Main Library Main Library SHELF 15-K-CHILDREN'S STORYBOOKS 16/06/2010 purchase 823 WAR/B 05482 Books